Sources of Anglo-Saxon culture / (Record no. 122308)
[ view plain ]
| 000 -LEADER | |
|---|---|
| fixed length control field | 01589cam a2200397 a 4500 |
| 001 - CONTROL NUMBER | |
| control field | 713318 |
| 003 - CONTROL NUMBER IDENTIFIER | |
| control field | ARRUPE |
| 005 - DATE AND TIME OF LATEST TRANSACTION | |
| control field | 20150423130205.0 |
| 008 - FIXED-LENGTH DATA ELEMENTS--GENERAL INFORMATION | |
| fixed length control field | 890217s1986 miua b s101 0 eng |
| 010 ## - LIBRARY OF CONGRESS CONTROL NUMBER | |
| LC control number | 85021756 |
| 020 ## - INTERNATIONAL STANDARD BOOK NUMBER | |
| International Standard Book Number | 0918720672 |
| 020 ## - INTERNATIONAL STANDARD BOOK NUMBER | |
| International Standard Book Number | 0918720680 (soft) |
| 035 ## - SYSTEM CONTROL NUMBER | |
| System control number | (OCoLC)12663953 |
| 035 ## - SYSTEM CONTROL NUMBER | |
| System control number | (OCoLC)ocm12663953 |
| 035 ## - SYSTEM CONTROL NUMBER | |
| System control number | (CStRLIN)NYCG89-B12072 |
| 035 ## - SYSTEM CONTROL NUMBER | |
| System control number | (NNC)713318 |
| 040 ## - CATALOGING SOURCE | |
| Modifying agency | NNC |
| Transcribing agency | Arrupe |
| 043 ## - GEOGRAPHIC AREA CODE | |
| Geographic area code | e-uk--- |
| 050 0# - LIBRARY OF CONGRESS CALL NUMBER | |
| Classification number | DA152.2.S83 |
| 082 0# - DEWEY DECIMAL CLASSIFICATION NUMBER | |
| Classification number | 940.17 s |
| -- | 936.2 |
| Edition number | 19 |
| 090 ## - LOCALLY ASSIGNED LC-TYPE CALL NUMBER (OCLC); LOCAL CALL NUMBER (OCLC) | |
| Classification number (OCLC) (R) ; Classification number, CALL (RLIN) (NR) | CB351 |
| Local cutter number (OCLC) ; Book number/undivided call number, CALL (RLIN) | .S83 vol. 20 |
| 300 ## - PHYSICAL DESCRIPTION | |
| Other physical details | ill. ; |
| Dimensions | 24 cm. |
| 245 00 - TITLE STATEMENT | |
| Title | Sources of Anglo-Saxon culture / |
| Statement of responsibility, etc | edited by Paul E. Szarmach with the assistance of Virginia Darrow Oggins. |
| 260 ## - PUBLICATION, DISTRIBUTION, ETC. (IMPRINT) | |
| Place of publication, distribution, etc | Kalamazoo, MI : |
| Name of publisher, distributor, etc | Medieval Institute Publications, Western Michigan University, |
| Date of publication, distribution, etc | 1986. |
| 300 ## - PHYSICAL DESCRIPTION | |
| Extent | xii, 457 p. : |
| 490 1# - SERIES STATEMENT | |
| Series statement | Studies in medieval culture ; |
| Volume number/sequential designation | 20 |
| 500 ## - GENERAL NOTE | |
| General note | Papers from the Symposium on the Sources of Anglo-Saxon Culture held in conjunction with the Eighteenth International Congress on Medieval Studies at Western Michigan University, May 5-8, 1983. |
| 504 ## - BIBLIOGRAPHY, ETC. NOTE | |
| Bibliography, etc | Includes bibliographies and index. |
| 650 #0 - SUBJECT ADDED ENTRY--TOPICAL TERM | |
| Topical term or geographic name as entry element | Civilization, Anglo-Saxon |
| Form subdivision | Congresses. |
| 9 (RLIN) | 15901 |
| 650 #0 - SUBJECT ADDED ENTRY--TOPICAL TERM | |
| Topical term or geographic name as entry element | Anglo-Saxon literature |
| General subdivision | History and criticism |
| Form subdivision | Congresses. |
| 9 (RLIN) | 15902 |
| 700 1# - ADDED ENTRY--PERSONAL NAME | |
| Personal name | Szarmach, Paul E. |
| 9 (RLIN) | 15903 |
| 700 1# - ADDED ENTRY--PERSONAL NAME | |
| Personal name | Oggins, Virginia Darrow. |
| 9 (RLIN) | 15904 |
| 711 2# - ADDED ENTRY--MEETING NAME | |
| Meeting name or jurisdiction name as entry element | Symposium on the Sources of Anglo-Saxon Culture |
| Date of meeting | (1983 : |
| Location of meeting | Western Michigan University) |
| 9 (RLIN) | 15905 |
| 830 #0 - SERIES ADDED ENTRY--UNIFORM TITLE | |
| Uniform title | Studies in medieval culture ; |
| Volume number/sequential designation | 20. |
| 9 (RLIN) | 15906 |
| 942 ## - ADDED ENTRY ELEMENTS (KOHA) | |
| Source of classification or shelving scheme | Library of Congress Classification |
| Koha item type | Monograph ( Printed materials) |
| Withdrawn status | Lost status | Source of classification or shelving scheme | Damaged status | Not for loan | Collection code | Home library | Current library | Shelving location | Date acquired | Total Checkouts | Full call number | Barcode | Date last seen | Price effective from | Koha item type |
|---|---|---|---|---|---|---|---|---|---|---|---|---|---|---|---|
| Library of Congress Classification | Main Collection | ARRUPE LIBRARY | ARRUPE LIBRARY | Main Collection | 06/03/2015 | DA152.2.S83 | 46500002896 | 27/10/2017 | 06/03/2015 | Monograph ( Printed materials) |